Présidents de la Commission Européenne - Statistiques

Statistiques générales
  • Ce quiz a été pris 92 fois
  • Le résultat moyen est 4 sur 14
Statistiques - réponses
Dates de mandat Pays d'origine Réponse % Correct
2019-? Allemagne Ursula Von der Leyen
89%
1985-1995 France Jacques Delors
69%
2014-2019 Luxembourg Jean-Claude Juncker
63%
2004-2014 Portugal José Manuel Barroso
48%
1995-1999 Luxembourg Jacques Santer
28%
1999-2004 Italie Romano Prodi
28%
1958-1967 RFA Walter Hallstein
19%
1973-1977 France Françoix-Xavier Ortoli
11%
1967-1970 Belgique Jean Rey
9%
1999(intérim) Espagne Manuel Marin
9%
1972-1973 Pays-Bas Sicco Manscholt
9%
1970-1972 Italie Franco Maria Malfatti
6%
1981-1985 Luxembourg Gaston Thorn
6%
1977-1981 Royaume-Uni Roy Jenkins
6%
Aucun quiz correspondant
Distribution des résultats
% des personnes avec chaque résultat
Percentile par nombre de réponses
Votre historique - résultats
Vous n’avez pas pris ce quiz